|
|
|
|
| LEADER |
00000nam2a2200000 4500 |
| 001 |
266837 |
| 005 |
20231101234033.0 |
| 035 |
|
|
|a (RuTPU)RU\TPU\book\289857
|
| 035 |
|
|
|a RU\TPU\book\289853
|
| 090 |
|
|
|a 266837
|
| 100 |
|
|
|a 20140716d1977 k y0rusy50 ca
|
| 101 |
0 |
|
|a rus
|
| 102 |
|
|
|a RU
|
| 105 |
|
|
|a a z 001zy
|
| 200 |
0 |
|
|a Т. 2
|
| 210 |
|
|
|d 1977
|
| 215 |
|
|
|a 216 с.
|c ил.
|
| 316 |
|
|
|5 63413507: КР-7467
|a На форзаце владельческая подпись: «Л. Рихванов г. Томск август, 1977»
|
| 317 |
|
|
|5 63413507: КР-7467
|a Поступил в НТБ в 2021 г. в дар от семьи профессора ТПУ Л. П. Рихванова
|
| 320 |
|
|
|a Библиогр.: с. 209-213
|
| 320 |
|
|
|a Предм. указатель: с. 214-215
|
| 330 |
|
|
|a В работе рассмотрены проблемы прогнозирования, поисков и оценки месторождений полезных ископаемых и намечены пути их решения. На основе анализа материала, касающегося позиций месторождений в истории развития земной коры, их структурного и магматического контроля, геологического строения, вещественного состава руд, рудной зональности, геохимических и геофизических особенностей разработаны принципы рудноформациониого анализа и сформулированы критерии прогноза и оценки месторождений. В первом томе рассмотрены месторождения редких металлов, молибдена, олова, вольфрама, тора, фтора и слюды, во втором томе — месторождения железа, хромитов, бокситов и полезных ископаемых, связанных с карбонатитами. В книге использованы новейшие отечественные и зарубежные данные, полученные в процессе разведки и изучения месторождений указанных полезных ископаемых. Книга предназначена для широкого круга геологов, занимающихся изучением, прогнозированием и оценкой месторождений полезных ископаемых.
|
| 461 |
|
1 |
|0 (RuTPU)RU\TPU\book\291198
|t Принципы прогноза и оценки месторождений полезных ископаемых
|o в 2 т.
|f под ред. В. Т. Покалова
|v Т. 2
|d 1977
|
| 606 |
1 |
|
|a Полезные ископаемые
|x Прогноз
|2 stltpush
|3 (RuTPU)RU\TPU\subj\50111
|9 68858
|
| 610 |
1 |
|
|a месторождения
|
| 610 |
1 |
|
|a оценка
|
| 610 |
1 |
|
|a рудные формации
|
| 610 |
1 |
|
|a магматизм
|
| 610 |
1 |
|
|a экзогенные процессы
|
| 610 |
1 |
|
|a Библиотека Л. П. Рихванова
|
| 610 |
1 |
|
|a дары библиотеке
|
| 610 |
1 |
|
|a владельческие подписи
|
| 675 |
|
|
|a 553.044
|v 3
|
| 801 |
|
1 |
|a RU
|b 63413507
|c 20140716
|
| 801 |
|
2 |
|a RU
|b 63413507
|c 20220526
|g RCR
|
| 942 |
|
|
|c BK
|